000 00515nam a2200169Ia 4500
008 090711s9999 xx 000 0 und d
082 _b69686
100 _aक्षेत्रमाडे सुमती
245 _aपतिव्रता
260 _c1992
300 _a192
600 _aक्षेत्रमाडे सुमती
630 _aपतिव्रता
700 _aक्षेत्रमाडे सुमती
730 _aपतिव्रता
942 _cBOOK
999 _c304950
_d304950